[Event "Helsingor Xtracon op"]
[Site "Helsingor"]
[Date "2019.07.23"]
[Round "5"]
[White "Linjord, David Jess"]
[Black "Rosell, Sven"]
[Result "0-1"]
[WhiteElo "1701"]
[BlackElo "1913"]
[PlyCount "128"]
[EventDate "2019.07.20"]
[EventType "swiss"]
[EventRounds "10"]
[EventCountry "DEN"]
[SourceTitle "CBM 191 Extra"]
[Source "ChessBase"]
[SourceDate "2019.09.30"]
[SourceVersion "1"]
[SourceVersionDate "2019.09.30"]
[SourceQuality "1"]

1. e4 c6 2. d4 d5 3. Nc3 dxe4 4. Nxe4 Nf6 5. Nxf6+ gxf6 6. Nf3 Bf5 7. Bd3 Nd7 8. Bf4 Bxd3 9. Qxd3 e6 10. 0-0-0 Nb6 11. c3 Nd5 12. Bg3 Qa5 13. Kb1 0-0-0 14. Nd2 h5 15. h4 Nb6 16. Nc4 Nxc4 17. Qxc4 Rd5 18. Rhe1 Qb6 19. Re2 Be7 20. Qd3 c5 21. Qf3 c4 22. Qf4 Kd7 23. Qe4 a5 24. Qc2 Qc6 25. Kc1 b5 26. Kd2 Rf5 27. Qe4 Qxe4 28. Rxe4 Rg8 29. Ke2 Kc6 30. b3 Bd6 31. Bxd6 Kxd6 32. g3 Kd5 33. Re3 Kc6 34. Rb1 Rd8 35. f4 Rfd5 36. Kf3 cxb3 37. Rxb3 Kd7 38. a3 Rc8 39. Ke2 Kc6 40. Kf3 Rg8 41. Rb2 Kd7 42. Ke4 Rc8 43. Kf3 Rc4 44. Ke4 Ra4 45. Rb3 Rc4 46. Rb2 Rc8 47. Rb1 Kc6 48. Kf3 Kc7 49. Ke4 Rcd8 50. Rb2 Kc6 51. Rb1 Rg8 52. Rb2 Rg4 53. Kf3 Rg7 54. Ke4 Rd8 55. Rb1 Rdg8 56. Rg1 Rg4 57. Kf3 Rxh4 58. a4 Rh2 59. Re2 Rxe2 60. Kxe2 bxa4 61. c4 a3 62. Kd2 a2 63. Kc2 Rxg3 64. Ra1 h4 0-1

[Event "Sandnes CC-ch B"]
[Site "Sandnes"]
[Date "2017.04.18"]
[Round "6"]
[White "Linjord, David Jess"]
[Black "Breiland, John"]
[Result "1-0"]
[WhiteElo "1659"]
[BlackElo "1619"]
[PlyCount "69"]
[EventDate "2017.02.07"]
[EventType "swiss"]
[EventRounds "7"]
[EventCountry "NOR"]
[SourceTitle "EXT 2024"]
[Source "ChessBase"]
[SourceDate "2023.10.10"]
[SourceVersion "1"]
[SourceVersionDate "2023.10.10"]
[SourceQuality "1"]

1. c4 e5 2. Nc3 Nf6 3. Nf3 Nc6 4. g3 Be7 5. Bg2 d6 6. 0-0 Bf5 7. d4 Ne4 8. Nd5 h5 9. Nxe7 Qxe7 10. d5 Nb8 11. Nh4 Bh7 12. Be3 f5 13. Bh3 0-0 14. f3 Ng5 15. Bg2 f4 16. Bf2 Nd7 17. e3 Nc5 18. exf4 exf4 19. Re1 Qd7 20. Bxc5 dxc5 21. Qd2 Nh3+ 22. Bxh3 Qxh3 23. Qf2 g5 24. Ng2 fxg3 25. hxg3 Rf7 26. Re5 Rf5 27. Rxf5 Qxf5 28. Re1 Rf8 29. Qe3 Qxf3 30. Qxg5+ Kh8 31. Nf4 Qg4 32. Qxg4 hxg4 33. Re7 Bb1 34. Rxc7 Bxa2 35. Ng6+ 1-0

[Event "Sandnes CC-ch B"]
[Site "Sandnes"]
[Date "2017.02.28"]
[Round "3"]
[White "Askari, Farhad"]
[Black "Linjord, David Jess"]
[Result "1/2-1/2"]
[WhiteElo "1680"]
[BlackElo "1659"]
[PlyCount "180"]
[EventDate "2017.02.07"]
[EventType "swiss"]
[EventRounds "7"]
[EventCountry "NOR"]
[SourceTitle "EXT 2024"]
[Source "ChessBase"]
[SourceDate "2023.10.10"]
[SourceVersion "1"]
[SourceVersionDate "2023.10.10"]
[SourceQuality "1"]

1. e4 e5 2. Nf3 Nc6 3. Nc3 Nf6 4. Bc4 Be7 5. 0-0 0-0 6. d4 exd4 7. Nxd4 Nxd4 8. Qxd4 d6 9. h3 Be6 10. Re1 Qd7 11. Bf1 Rfe8 12. Bg5 h6 13. Be3 d5 14. e5 c5 15. Qa4 Qxa4 16. Nxa4 Nd7 17. Bb5 d4 18. Bd2 a6 19. Bxd7 Bxd7 20. Nb6 Rad8 21. Ba5 Bf5 22. Re2 Rb8 23. b3 Bd8 24. g4 Be6 25. f4 g6 26. Rf1 Bxb6 27. Bxb6 Rbc8 28. f5 gxf5 29. gxf5 Bd5 30. Rf4 Kh7 31. Ba5 Rg8+ 32. Kh2 Rc6 33. Bd2 b5 34. Rh4 Re8 35. c3 d3 36. Re3 c4 37. b4 Rg8 38. Rg3 Rxg3 39. Kxg3 Kg7 40. Kf4 Rc8 41. Rg4+ Kh7 42. Ke3 Rd8 43. Rd4 Rd7 44. Be1 Bc6 45. Rxd7 Bxd7 46. Kf4 Kg7 47. h4 Bc6 48. Bd2 h5 49. Ke3 Bd7 50. Kf4 Bc6 51. Kg5 Bf3 52. a3 Kf8 53. Kf6 Be4 54. e6 fxe6 55. Kxe6 Bc6 56. f6 Be8 57. Bh6+ Kg8 58. Ke7 Bg6 59. Kd6 Kf7 60. Bg5 Bf5 61. Kc7 Be6 62. Kb7 Bd7 63. Kxa6 Bc6 64. Kb6 Bd7 65. Kc7 Be8 66. Kd6 Kf8 67. Ke6 Bf7+ 68. Kf5 Be8 69. Be3 Kf7 70. Ke5 Bc6 71. Bg5 Bd7 72. Kd6 Be8 73. Kc5 Ke6 74. Kb6 Kf7 75. Ka5 Ke6 76. Kb6 Kf7 77. Kc5 Ke6 78. Kd4 Kf7 79. Ke3 Ke6 80. Kd2 Bc6 81. Kc1 Bd7 82. Kb2 Bc6 83. Kc1 Bd7 84. Kd2 Bc6 85. Ke3 Kf7 86. Kd4 Ke6 87. Kc5 Bd7 88. Kb6 Be8 89. Kc7 Kf7 90. Kd8 Bc6 1/2-1/2

[Event "Sandnes CC-ch B"]
[Site "Sandnes"]
[Date "2017.02.07"]
[Round "1"]
[White "Gyland, Stig"]
[Black "Linjord, David Jess"]
[Result "1-0"]
[WhiteElo "1487"]
[BlackElo "1659"]
[PlyCount "71"]
[EventDate "2017.02.07"]
[EventType "swiss"]
[EventRounds "7"]
[EventCountry "NOR"]
[SourceTitle "EXT 2024"]
[Source "ChessBase"]
[SourceDate "2023.10.10"]
[SourceVersion "1"]
[SourceVersionDate "2023.10.10"]
[SourceQuality "1"]

1. Nf3 Nf6 2. g3 d5 3. Bg2 e6 4. 0-0 Bd6 5. d3 0-0 6. Nbd2 c5 7. e4 Nbd7 8. Re1 Qc7 9. d4 dxe4 10. Nxe4 Nxe4 11. Rxe4 Nf6 12. Re1 Rd8 13. Bg5 cxd4 14. Bxf6 gxf6 15. Nxd4 Bc5 16. Qg4+ Kh8 17. Nb3 e5 18. Qh4 Be7 19. Qe4 Rb8 20. Rad1 Be6 21. Rd3 Rxd3 22. Qxd3 Rd8 23. Qe4 b6 24. Qe2 Qc4 25. Qh5 Bg4 26. Qh4 Be6 27. Be4 f5 28. Qxe7 Rb8 29. Qf6+ Kg8 30. Bxf5 Bd5 31. Qxe5 Rd8 32. Bd3 Qg4 33. Be4 Be6 34. Nd4 Bc4 35. Nf5 Qh3 36. Qg7# 1-0

[Event "Helsingor Xtracon op"]
[Site "Helsingor"]
[Date "2016.07.27"]
[Round "6"]
[White "Fridthjofsdottir, Sigurlaug Regina"]
[Black "Linjord, David Jess"]
[Result "1-0"]
[WhiteElo "1815"]
[BlackElo "1488"]
[PlyCount "87"]
[EventDate "2016.07.23"]
[EventType "swiss"]
[EventRounds "10"]
[EventCountry "DEN"]
[SourceTitle "CBM 173 Extra"]
[Source "ChessBase"]
[SourceDate "2016.08.29"]
[SourceVersion "1"]
[SourceVersionDate "2016.08.29"]
[SourceQuality "1"]

1. e4 e6 2. d3 c5 3. Nf3 Nc6 4. Nbd2 g6 5. g3 Bg7 6. Bg2 Nge7 7. 0-0 0-0 8. Re1 d6 9. c3 b6 10. Nf1 Bb7 11. Bg5 Qc7 12. Qd2 f5 13. Bh6 d5 14. Bxg7 Kxg7 15. Ng5 Nd8 16. exf5 exf5 17. d4 c4 18. Re2 h6 19. Rae1 Re8 20. Ne6+ Nxe6 21. Rxe6 Rad8 22. Qe2 Rd7 23. Nd2 f4 24. Bh3 fxg3 25. hxg3 Qd8 26. Nf3 Rc7 27. Nh4 Bc8 28. Qe5+ Kh7 29. Rd6 Bd7 30. Bxd7 Rxd7 31. Rxd7 Qxd7 32. Qe6 Qxe6 33. Rxe6 g5 34. Nf5 Kg8 35. Rxe7 Rxe7 36. Nxe7+ Kf7 37. Nxd5 b5 38. Nc7 a6 39. Nxa6 Ke7 40. Kg2 g4 41. f3 h5 42. fxg4 hxg4 43. Kf2 Ke6 44. Ke3 1-0

[Event "Sandnes CC-ch"]
[Site "Sandnes"]
[Date "2015.02.03"]
[Round "7"]
[White "Nesse, David"]
[Black "Linjord, David Jess"]
[Result "1/2-1/2"]
[WhiteElo "1039"]
[BlackElo "1001"]
[PlyCount "89"]
[EventDate "2015.02.03"]
[EventType "swiss"]
[EventRounds "7"]
[EventCountry "NOR"]
[SourceTitle "EXT 2017"]
[Source "ChessBase"]
[SourceDate "2016.10.25"]
[SourceVersion "1"]
[SourceVersionDate "2016.10.25"]
[SourceQuality "1"]

1. e4 e5 2. Nf3 Nc6 3. d4 exd4 4. Bc4 Bd6 5. 0-0 Nf6 6. Re1 Be5 7. Ng5 Bxh2+ 8. Kxh2 Ne5 9. Bb3 c5 10. Bf4 d6 11. Bxe5 Ng4+ 12. Kg1 Nxe5 13. f4 h6 14. Nf3 Ng4 15. e5 0-0 16. e6 fxe6 17. Nxd4 cxd4 18. Qxg4 d5 19. Re5 a5 20. c3 Qb6 21. Kh2 a4 22. Bc2 Qxb2 23. Qg6 Rf7 24. Qh7+ Kf8 25. Bg6 Qxa1 26. Bxf7 Kxf7 27. Qc2 a3 28. f5 exf5 29. Qb3 Ra6 30. Qxd5+ Re6 31. Rxf5+ Kg6 32. Rf1 Rf6 33. Rxf6+ gxf6 34. Qg8+ Kf5 35. Qxc8+ Kg6 36. g4 Qb2+ 37. Kh3 Qxa2 38. Nd2 dxc3 39. Qxc3 Qd5 40. Qc2+ Kg7 41. Kg3 a2 42. Nb3 Qe5+ 43. Kh3 a1Q 44. Nxa1 Qxa1 45. Qc7+ 1/2-1/2

[Event "Sandnes CC-ch"]
[Site "Sandnes"]
[Date "2015.02.03"]
[Round "1"]
[White "Sinnes, Daniel"]
[Black "Linjord, David Jess"]
[Result "0-1"]
[WhiteElo "984"]
[BlackElo "1001"]
[PlyCount "90"]
[EventDate "2015.02.03"]
[EventType "swiss"]
[EventRounds "7"]
[EventCountry "NOR"]
[SourceTitle "EXT 2017"]
[Source "ChessBase"]
[SourceDate "2016.10.25"]
[SourceVersion "1"]
[SourceVersionDate "2016.10.25"]
[SourceQuality "1"]

1. d4 Nf6 2. c4 e6 3. Nf3 Bb4+ 4. Bd2 a5 5. a3 Bxd2+ 6. Qxd2 b6 7. e3 Bb7 8. Be2 0-0 9. Nc3 d6 10. 0-0 Ne4 11. Qc2 Nxc3 12. Qxc3 Nd7 13. Rfd1 c5 14. dxc5 Nxc5 15. Nd4 Ne4 16. Qc2 d5 17. Bf3 Qc7 18. Bxe4 dxe4 19. Nb5 Qc5 20. Nd6 Qc6 21. Nxb7 Qxb7 22. Rd4 f5 23. Rad1 Rac8 24. Qc3 Rc7 25. b4 axb4 26. axb4 Rfc8 27. b5 Kf7 28. h3 Re7 29. Qb4 Rc5 30. R4d2 Qc7 31. Rc2 Rd7 32. Rxd7+ Qxd7 33. Rd2 Qc7 34. Rc2 Qd7 35. Qd2 Qd3 36. Qc3 e5 37. Qd2 Rxc4 38. Qxd3 exd3 39. Rd2 e4 40. f4 Rc2 41. Rd1 Ke6 42. Kf1 Kd5 43. g4 g6 44. Ke1 Kc4 45. Rd2 Kc3 0-1